书目信息 |
| 题名: |
铀的回收
|
|
| 作者: | ;《铀的回收》翻译组 编 | |
| 分册: | 上册 | |
| 出版信息: | 北京 科学出版社 1972.10 |
|
| 页数: | 172页 | |
| 开本: | 19cm | |
| 丛书名: | ||
| 单 册: | ||
| 中图分类: | TL244 | |
| 科图分类: | ||
| 主题词: | 辐照过的核燃料--核燃料后处理 | |
| 电子资源: | ||
| ISBN: | ||
| 000 | 00593nam0 2200205 45 | |
| 001 | 0409140812 | |
| 005 | 20040914085620.2 | |
| 010 | @dCNY0.60 | |
| 100 | @a20040914d1972 km y0chiy0120 ea | |
| 101 | 0 | @achi |
| 105 | @a z 000yy | |
| 200 | 1 | @a铀的回收@h上册@AYou De Hui Shou@f《铀的回收》翻译组编@F《You De Hui Shou》Fan Yi Zu Bian |
| 210 | @a北京@c科学出版社@d1972.10 | |
| 215 | @a172页@d19cm | |
| 300 | @a只限国内发行 | |
| 606 | 0 | @a辐照过的核燃料@x核燃料后处理 |
| 690 | @aTL244@v3 | |
| 711 | 02 | @a《铀的回收》翻译组@4编 |
| 801 | @aCN@bPftUser@c20040914 | |
| 905 | @f1@b12088@dTL244@e5:1 | |
| 铀的回收.上册/《铀的回收》翻译组编.-北京:科学出版社,1972.10 |
| 172页;19cm |
| 只限国内发行 |
| ISBN :CNY0.60 |
| ● |
| 相关链接 |
|
|
|
|
正题名:铀的回收
索取号:TL244/5:1
 
预约/预借
| 序号 | 登录号 | 条形码 | 馆藏地/架位号 | 状态 | 备注 |
| 1 | 0012088 | 001366738 | 第三借阅区/ [索取号:TL244/5:1] | 在馆 | |
| 2 | 0012089 | 001366694 | 第二样本阅览室/ [索取号:TL244/5:1] | 在馆 |